000 01154ngm a22003370a 4500
001 PT39973
003 AR-LpoUNG
005 20210201235900.0
007 vd cvaizq
008 191001s2006||||ag |||||||||||||||||spa d
037 _c$7.65
040 _aAR-LpoUNG
_bspa
_cAR-LpoUNG
_eaacr
041 _aspa
044 _aag
082 0 _a982.063 298sor
100 1 _aMarquardt, Alberto
_edir.
245 1 0 _aYo, sor Alice
260 _aBuenos Aires :
_bSBP,
_c2006.
300 _aDVD (78 min.) : son., col.
505 0 _aGuión: Alberto Marquardt. Fotografía: Livio Pensavalle y Pascal Sutra-Furcade. Música: Raúl Barboza.
520 _aLa visión de la propia Alice sobre esos años difíciles es narrada a través de la lectura de las correspondencia que ella mantuvo con su familia. Sus cartas revelan la confrontación con una sociedad en crisis y el avance de su compromiso con la realidad que le tocó vivir.
650 4 _aARGENTINA
650 4 _aDICTADURA
650 4 _aGOBIERNO MILITAR
651 4 _aArgentina
653 _aCINE ARGENTINO
653 _aDOCUMENTALES
653 _aVIDEOS
905 _a39973
942 _cDVD
999 _c53689
_d53689